000 00838nabaa22001937a 4500
999 _c6125
_d6125
003 OSt
005 20260122214525.0
008 190701b xxu||||| |||| 00| 0 spa d
040 _cPJ
100 _9410
_aDalla Via, Alberto Ricardo
245 1 3 _aEstado de derecho y seguridad jurídica /
_cAlberto R. Dalla Via.
300 _ap. 3-12
505 _aSumario: I. El imperio de la ley y el Estado de derecho.— II. Anomia y seguridad jurídica.— III. El law-making process.— IV. Consideraciones finales.
505 _t¿Te interesa el texto completo? Comunicate al correo: koha@justierradelfuego.gov.ar
650 0 _9211
_aDERECHO ADMINISTRATIVO
650 0 _9893
_aESTADO DE DERECHO
773 0 _02842
_93251
_dBuenos Aires : AbeledoPerrot, 2012-
_oDA121
_tDerecho administrativo. Nº 148 julio/agosto 2023
_z18510590
942 _2udc
_cANA